000 00210nam a22000857a 4500
008 170216b xxu||||| |||| 00| 0 eng d
100 _92890
_aGoel.D.K et al
245 _aAccountancy XI
260 _aNew Delhi
_bAP
_c2012
999 _c6119
_d6119